000
00263nam a2200109Ia 4500
008
191201s2013 xx 000 0 und d
100
_a
NARULA, TR
245
0
_a
Applied physics Vol 2
260
_c
2013
_b
NORTH PUB.
_a
NEW DELHI
300
_a
308
942
_2
ddc
_c
BK
_0
12
999
_c
8086
_d
8086